Tiempo de trabajo y conciliacin̤ familiar

Detalles Bibliográficos
Autor principal: Lahera Forteza, Jess︢
Otros Autores: Garca̕ Quiǫnes, Juan Carlos (coaut.)
Formato: Libro
Lenguaje:español
Publicado: Albacete : Bomarzo, 2009.
Colección:Estudios (Bomarzo)
Materias:
Acceso en línea:Acceso restringido

MARC

LEADER 00000nam a2200000 i 4500
005 20111110112038.0
007 cr|||| ||||
008 091002s2009 sp 000 0 spa d
020 |a 9788496721869 
035 |a 5880 
040 |a BUS   |d vLex 
080 |a 349.2:316.356.2 
080 |a 331.3 
090 |c 2754  |d 2754 
100 1 |a Lahera Forteza, Jess︢. 
245 1 0 |a Tiempo de trabajo y conciliacin̤ familiar   |h [Recurso electrn̤ico] /  |c Jess︢ Lahera Forteza, Juan Carlos Garca̕ Quiǫnes. 
256 |a Servicio en ln̕ea 
260 |a Albacete :  |b Bomarzo,  |c 2009. 
300 |a 1 recurso electrn̤ico 
490 1 |a Estudios  
504 |a Bibliogr.  
506 1 |a Contenido solo disponible en los productos indicados  |d vLex Global  |d vLex Global (Academic Edition, excluding Law Schools)  |d vLex Global (U.S. Academic Edition, Law Schools)  |d vLex Global (U.S. Academic Edition, excluding Law Schools)  |d vLex Global (Academic Edition, Law Schools) 
650 0 4 |a Horarios de trabajo  |x Derecho  |z Espaą  
650 0 4 |a Trabajo y familia  |z Espaą  
700 1 |a Garca̕ Quiǫnes, Juan Carlos,  |e coaut.  
740 0 |a vLex Libros (Servicio en ln̕ea) 
830 0 |a Estudios (Bomarzo)  
856 4 0 |u http://vlex.com/source/tiempo-trabajo-conciliacion-familiar-5880  |z Acceso restringido 
942 |c BOOK